Understanding Poverty edited by Abhijit Vinayak Banerjee, Roland Bénabou, and Dilip Mookherjee /
Guardat en:
| Autor principal: | |
|---|---|
| Format: | Text |
| Matèries: | |
| Etiquetes: |
Afegir etiqueta
Sense etiquetes, Sigues el primer a etiquetar aquest registre!
|
MARC
| LEADER | 00000 a a2200000 04500 | ||
|---|---|---|---|
| 001 | 18611 | ||
| 003 | |||
| 040 | |||
| 100 | |a Minato, Kazuki | ||
| 245 | |a Understanding Poverty edited by Abhijit Vinayak Banerjee, Roland Bénabou, and Dilip Mookherjee / |c Kazuki Minato | ||
| 650 | |a POBREZA | ||
| 650 | |a DESARROLLO SOCIAL | ||
| 650 | |a ECONOMIA | ||
| 650 | |a GLOBALIZACION | ||
| 650 | |a INVESTIGACION | ||
| 650 | |a TEORIA SOCIAL | ||
| 773 | |g volumen 45, número 1; páginas 122-126 | ||
| 999 | |c 36499 |d 36499 | ||
